| 000 -ლიდერი |
| ფიქსირებული სიგრძის საკონტროლო ველი |
02221nam a2200253Ia 4500 |
| 001 - საკონტროლო ნომერი |
| საკონტროლო ველი |
20642 |
| 003 - საკონტროლო ნომრის იდენტიფიკატორი |
| საკონტროლო ველი |
GE_BSU |
| 005 - ბოლო ოპერაციის თარიღი და დრო |
| საკონტროლო ველი |
20210329162641.0 |
| 008 - ფიქსირებული სიგრძის მონაცემთა ელემენტები - ზოგადი ინფორმაცია |
| ფიქსირებული სიგრძის საკონტროლო ველი |
181216s2017||||ge |||||||||||||| ||geo|| |
| 040 ## - კატალოგიზაციის წყარო |
| Transcribing agency |
GE_BSU |
| 041 ## - ენის კოდი |
| Language code of text/sound track or separate title |
geo |
| 080 ## - უნივერსალური ათობითი კლასიფიკაციის ინდექსი |
| Universal Decimal Classification number |
82 ფ-98 |
| 100 ## - მთავარი ჩანაწერი - პიროვნების სახელი |
| Personal name |
ფუტკარაძე, ნანა |
| 9 (RLIN) |
10802 |
| 245 ## - ცნობა სათაურის შესახებ |
| Title |
მხატვრული ტექსტის ანალიზი, როგორც დაწყებითი კლასების მოსწავლეთა ინტელექტუალური განვითარების საშუალება / |
| Statement of responsibility, etc |
ნანა ფუტკარაძე; მეცნ. ხელმძღვანელი ნანა მაკარაძე, ინგა შამილიშვილი; ბათუმის შოთა რუსთაველის სახელმწიფო უნ-ტი, განათლების ფაკულტეტი, პედაგოგიურ მეცნიერებათა დეპარტამენტი. |
| 264 ## - წარმოების, გამოცემის, დისტრიბუციის და სხვა ცნობები |
| გამოცემის, წარმოების, დისტრიბუციის... ადგილი |
ბათუმი: |
| გამოცემის, წარმოების, დისტრიბუციის... სახელწოდება |
ბსუ, |
| გამოცემის, წარმოების, დისტრიბუციის... თარიღი |
2017. |
| 300 ## - ფიზიკური აღწერა |
| Extent |
226 გვ; |
| Other physical details |
30 სმ. |
| 653 ## - INDEX TERM--UNCONTROLLED |
| Uncontrolled term |
დისერტაცია |
| 653 ## - INDEX TERM--UNCONTROLLED |
| Uncontrolled term |
მხატვრული ტექსტის ანალიზი,როგორც დაწყებითი კლასების მოსწავლეთა ინტელექტუალური განვითარების საშუალება |
| 653 ## - INDEX TERM--UNCONTROLLED |
| Uncontrolled term |
ქართული ენისა და ლიტერატურის სწავლების მეთოდიკა |
| 700 ## - ADDED ENTRY--PERSONAL NAME |
| Personal name |
მაკარაძე, ნანა |
| Relator term |
მეცნ. ხელმძღვანელი |
| 9 (RLIN) |
10803 |
| 700 ## - ADDED ENTRY--PERSONAL NAME |
| Personal name |
შამილიშვილი, ინგა |
| Relator term |
მეცნ. ხელმძღვანელი |
| 9 (RLIN) |
7354 |
| 710 ## - ADDED ENTRY--CORPORATE NAME |
| Corporate name or jurisdiction name as entry element |
ბათუმის შოთა რუსთაველის სახელმწიფო უნ-ტი; |
| Subordinate unit |
განათლების ფაკულტეტი. პედაგოგიურ მეცნიერებათა დეპარტამენტი. |
| 9 (RLIN) |
10805 |
| 942 ## - ADDED ENTRY ELEMENTS (KOHA) |
| Koha item type |
წიგნი |
| Source of classification or shelving scheme |
|